The hindu view of art

Guardat en:
Dades bibliogràfiques
Autor principal: Anand, Mulk Raj (Autor)
Format: Llibre
Idioma:anglès
Publicat: Bombay Asia Publishing House 1957
Matèries:
Etiquetes: Afegir etiqueta
Sense etiquetes, Sigues el primer a etiquetar aquest registre!

MARC

LEADER 00000nam a2200000 a 4500
001 UCO2280
003 CL-VaPUC
008 000602e19570000II |||||||||||||||||eng|d
082 0 4 |a 704.948  |b ANA  |2 21 
100 0 |a Anand, Mulk Raj  |e author  |9 445297 
245 1 4 |a The hindu view of art 
300 |a 128 p 
942 |c BK 
945 |d 20000602 00:00:00  |a rherrera 
260 |a Bombay  |b Asia Publishing House  |c 1957 
650 0 |a Arte hindú   |9 445298 
650 7 |a BUDA  |2 CL-VaPUC  |9 445299 
650 0 |a Simbolismo en el arte  |9 265074 
651 0 |a India  |9 267804 
583 |a last modification  |c 20000602 00:00:00  |k Rodrigo Vera 
999 |c 288816  |d 288814 
952 |0 0  |1 0  |4 0  |6 704_948000000000000_ANA_1957  |7 0  |8 X  |9 336746  |a BIBHIS  |b BIBHIS  |d 2019-11-20  |i 1284452  |o 704.948 ANA 1957  |p 1284452  |r 2024-01-30  |w 2019-11-20  |y BK_X  |k HIS